Los años maravillosos /

Guardado en:
Autor Principal: Dale, Richard
Autor Corporativo: Reader's Digest.
Formato: Deslizar
Publicado: Reino Unido, 1987.
Series:Secretos del cuerpo humano
Materias:
Etiquetas: Agregar Etiqueta
Sin Etiquetas, Sea el primero en etiquetar este registro!
LEADER 00720ngm a22002295g 4500
001 CEM.cems023837
008 130507s1987##################0###0#####d
005 20250707170957.0
245 1 0 |a Los años maravillosos /  |c Richard Dale. 
260 |a Reino Unido,  |c 1987. 
300 |a 53'. 
490 0 |a Secretos del cuerpo humano 
538 |a Soporte: DVD - Formato: DVD - Resolución: 372 x 576 - 25fps - Grabación DRD 
500 |a Consultar en ventanilla. 
100 1 |a Dale, Richard 
710 2 |a Reader's Digest. 
082 6 1 |/ DAL 
653 |a PROGRAMA DE TELEVISIÓN 
653 |a BIOLOGÍA 
653 |a ADOLESCENCIA 
653 |a PUBERTAD 
859 |a CEMS  |b BIB. CEMS - Depto. Recursos Didacticos  |h 611  |i DAL  |k DRD  |p 2480.15  |t Ej.1